Yugioh TCG Trivia - Statistics

General Stats
  • This quiz has been taken 27 times
  • The average score is 15 of 24
Answer Stats
Hint Answer % Correct
...Until Soul Of The Duelist was released, then each set had ___ 4
91%
A monster with ___ stars or more requires a tribute in order to summon 5
91%
It featured these 5 pieces, belonging to the character ____ Exodia the Forbidden One
91%
If it has ___ or more stars, it will requires 2 tributes to play 7
87%
The earliest batch of cards from each set are more valuable, they are called _____ edition. First
83%
Each set initially contained this many ultra rare cards per expansion... 10
78%
Pot of Greed allows the player to do what? Draw 2 cards
74%
The very first expansion set, released in 2002, was called ____ Legend of Blue Eyes White Dragon
74%
"Magic Ruler", the title of the 3rd expansion, was deemed a copyright violation of another card game, and the name was forcibly changed to _____ Spell Ruler
70%
Card grading companies, like PSA, rate the _____ of cards, the highest score being a 10 Condition
65%
The company who produced the game is called Konami
65%
A monster card with no effect is called a _____ monster Normal
65%
This spirit card could place your opponent in a "lock", leading to it being quickly banned from legal play Yata Garasu
65%
TCG rules initially set each players starting life points at 8000, but it was later amended to _____ life points. 4000
61%
Fire, Earth, Light, Dark, Water, and Wind are the 6 core _____ of monster cards. Attributes
61%
Dragon, Warrior, Machine, and Insect are examples of monster card _____ Types
61%
After that, they are referred to as _____ Unlimited
61%
Ra, Slifer, and Obelisk are the names of the 3 ______ cards Egyptian God
57%
Soul of the Duelist also introduced this type of rarity Ultimate Rare
57%
Some monster cards can be played by sacrificing other cards with an equal amount of stars, this is called a ____ summon Ritual
52%
The first 5Ds pack was called The Duelist Genesis
22%
Ghost rarity was first featured in this set Tactical Evolution
17%
The first set to NOT feature Yugi on the cover art was _____ Flaming Eternity
9%
This early set introduced Spirit type monsters Legacy of Darkness
0%
No matching quizzes found
Score Distribution
Percent of People with Each Score
Percentile by Number Answered
Your Score History
You have not taken this quiz